Complete literature in English for Cambridge IGCSE & O level / (Record no. 14258)
[ view plain ]
| 000 -LEADER | |
|---|---|
| fixed length control field | 00999cam a22003135i 4500 |
| 001 - CONTROL NUMBER | |
| control field | 20750405 |
| 005 - DATE AND TIME OF LATEST TRANSACTION | |
| control field | 20190906091719.0 |
| 008 - FIXED-LENGTH DATA ELEMENTS--GENERAL INFORMATION | |
| fixed length control field | 181120s2018 enk 000 0 eng d |
| 010 ## - LIBRARY OF CONGRESS CONTROL NUMBER | |
| LC control number | 2018298333 |
| 015 ## - NATIONAL BIBLIOGRAPHY NUMBER | |
| National bibliography number | GBB856109 |
| Source | bnb |
| 016 7# - NATIONAL BIBLIOGRAPHIC AGENCY CONTROL NUMBER | |
| Record control number | 018804977 |
| Source | Uk |
| 020 ## - INTERNATIONAL STANDARD BOOK NUMBER | |
| International Standard Book Number | 978-0-19-842500-7 |
| 020 ## - INTERNATIONAL STANDARD BOOK NUMBER | |
| International Standard Book Number | 0198425007 |
| 035 ## - SYSTEM CONTROL NUMBER | |
| System control number | (OCoLC)on1063558956 |
| 040 ## - CATALOGING SOURCE | |
| Original cataloging agency | UKMGB |
| Language of cataloging | eng |
| Transcribing agency | UKMGB |
| Description conventions | rda |
| Modifying agency | OCLCO |
| -- | DLC |
| 042 ## - AUTHENTICATION CODE | |
| Authentication code | lccopycat |
| 082 04 - DEWEY DECIMAL CLASSIFICATION NUMBER | |
| Classification number | DC 820 |
| Edition number | 2018 |
| Item number | P343 |
| 100 1# - MAIN ENTRY--PERSONAL NAME | |
| Personal name | Pedroz, Mark, |
| Relator term | author. |
| 9 (RLIN) | 39438 |
| 245 10 - TITLE STATEMENT | |
| Title | Complete literature in English for Cambridge IGCSE & O level / |
| Statement of responsibility, etc. | Mark Pedroz. |
| 250 ## - EDITION STATEMENT | |
| Edition statement | Second edition. |
| 260 ## - PUBLICATION, DISTRIBUTION, ETC. (IMPRINT) | |
| Place of publication, distribution, etc. | UK: |
| Name of publisher, distributor, etc. | Oxford University Press, |
| Date of publication, distribution, etc. | ©2018. |
| 300 ## - PHYSICAL DESCRIPTION | |
| Extent | iv, 228 pages (1 volume) ; |
| Dimensions | 28 cm |
| 500 ## - GENERAL NOTE | |
| General note | Includes Internet access. |
| 650 #0 - SUBJECT ADDED ENTRY--TOPICAL TERM | |
| Topical term or geographic name as entry element | English language |
| General subdivision | Examinations |
| Form subdivision | Study guides. |
| 9 (RLIN) | 39439 |
| 365 ## - TRADE PRICE | |
| Price amount | 3,995.00 |
| Currency code | Php |
| 906 ## - LOCAL DATA ELEMENT F, LDF (RLIN) | |
| a | 0 |
| b | ibc |
| c | copycat |
| d | 2 |
| e | ncip |
| f | 20 |
| g | y-gencatlg |
| 942 ## - ADDED ENTRY ELEMENTS (KOHA) | |
| Source of classification or shelving scheme | Dewey Decimal Classification |
| Koha item type | Circulation |
| Withdrawn status | Lost status | Source of classification or shelving scheme | Damaged status | Not for loan | Collection code | Home library | Current library | Date acquired | Source of acquisition | Cost, normal purchase price | Total Checkouts | Full call number | Barcode | Date last seen | Copy number | Price effective from | Koha item type |
|---|---|---|---|---|---|---|---|---|---|---|---|---|---|---|---|---|---|
| Dewey Decimal Classification | Circulation | UM Digos College - LIC | UM Digos College - LIC | 08/08/2019 | Purchased | 3995.00 | DC 820 P343 2018 | 25521 | 05/15/2025 | 1 | 09/06/2019 | Circulation |
